banner-ar

التكنولوجيا الرقمية لذوى الاحتياجات الخاصة / (Record no. 63002)

MARC details
000 -الفاتح
حقل البيانات ثابتة الطول 01164nam a22002657a 4500
005 - وقت وتاريخ اخر تعامل مع التسجيلة
رقم الضبط 20240530110618.0
008 - عناصر البيانات ثابتة الطول - معلومات عامة
حقل البيانات ثابتة الطول 161206s2012 su a g|b 000 0 ara d
017 ## - رقم الايداع القانونى
المصدر 1432/9736
المصدر ( الهيئة المختصة) السعودية . مكتبة الملك فهد الوطنية
020 ## - الرقم الدولى المعيارى للكتب
الرقم الدولى المعيارى للكتاب 9786038087596
040 ## - مصدر الفهرسة
وكالة الفهرسة الأصلية EG-CaGPL
082 04 - رقم تصنيف ديوى العشرى
رقم الطبعة 21
رقم التصنيف 371.33\
رقم المادة أ ت
100 0# - المدخل الرئيسى - إسم شخصى
الإسم الشخصى امل عبدالفتاح سويدان
245 12 - بيان العنوان
العنوان التكنولوجيا الرقمية لذوى الاحتياجات الخاصة /
بيان المسئوليه,etc امل عبدالفتاح سويدان ، منال عبدالعال مبارز
250 ## - بيان الطبعة
بيان الطبعة ط . 1
260 ## - PUBLICATION, DISTRIBUTION, ETC. (IMPRINT)
تاريخ النشر أو التوزيع 2012.
300 ## - الوصف المادى
التعداد 360 ص. :
تفاصيل ماديه اخرى للوعاء جداول ؛
أبعاد الوعاء 24 سم.
504 ## - تبصرة ببليوجرافية
تبصرة ببليوجرافية,الخ بيبلوجرافية : ص 347 - 354
650 07 - المدخل الاضافى بالموضوع-مصطلح موضوعى
مصدر الرأس أو المصطلح qrmak
مصطلح موضوعي المعوقون
650 07 - المدخل الاضافى بالموضوع-مصطلح موضوعى
مصدر الرأس أو المصطلح qrmak
مصطلح موضوعي المعوقون
التقسيم الفرعي العام رعاية وعلاج
650 07 - المدخل الاضافى بالموضوع-مصطلح موضوعى
مصدر الرأس أو المصطلح qrmak
مصطلح موضوعي وحدات التعلم الرقمية
650 07 - المدخل الاضافى بالموضوع-مصطلح موضوعى
مصدر الرأس أو المصطلح qrmak
مصطلح موضوعي التكنولوجيا الرقمية
التقسيم الفرعي العام اعلام
700 0# - المدخل الاضافى - اسم شخصى
الإسم الشخصى منال عبدالعال مبارز
الدور مؤلف مشارك
942 ## - عناصر المدخل الإضافي( كوها)
مصدر التصنيف او مخطط الترفيف Dewey Decimal Classification
Koha [default] item type كتاب
260 ## - PUBLICATION, DISTRIBUTION, ETC. (IMPRINT)
-- الرياض :
-- دار الزهراء للنشر والتوزيع ،
Holdings
حالة التراجع حالة الفقد حالة تلف ليس للاعارة المكان المؤقت الموقع الحالى موقع الترفيف تاريخ الاكتساب اجمالي اﻻعارات رقم الطلب الباركود تاريخ اخر مشاهدة تاريخ تفعيل السعر نوع وعاء كوها
        مكتبة القاهرة الكبرى مكتبة القاهرة الكبرى القاعة الرئيسية 12/06/2016   371.33 أ ت 162946 12/06/2016 12/06/2016 كتاب

Powered By

EGPV